Premier ministre mais avant ? - Statistiques

Statistiques générales
  • Ce quiz a été pris 15 fois
    3 depuis la dernière actualisation
  • Le résultat moyen est 10 sur 27
Statistiques - réponses
Hint Réponse % Correct
Edouard Philippe Aucun
67%
Pierre Bérégovoy Ministre de l'Economie et des Finances
67%
Gabriel Attal Ministre de l'Education nationale
67%
Laurent Fabius Ministre de l'Industrie et de la Recherche
67%
Manuel Valls Ministre de l'Intérieur
67%
Elisabeth Borne Ministre du Travail, de l'Emploi et de l'Insertion
67%
Georges Pompidou Aucun
33%
Jean Castex Aucun
33%
Raymond Barre Aucun
33%
Jean-Marc Ayrault Aucun
33%
Pierre Mauroy Aucun
33%
Jacques Chaban-Delmas Ministre de la Défense et des Forces armées
33%
Michel Rocard Ministre de l'Agriculture
33%
Michel Barnier Ministre de l'Agriculture
33%
Michel Debré Ministre de la Justice
33%
Maurice Couve de Murville Ministre de l'Economie et des Finances
33%
Edouard Balladur Ministre de l'Economie et des Finances
33%
Alain Juppé Ministre délégué au budget
33%
Jacques Chirac 1 Ministre de l'Intérieur
33%
Bernard Cazeneuve Ministre de l'Intérieur
33%
Dominique de Villepin Ministre de l'Intérieur
33%
Pierre Messmer Ministre des DOM-TOM
33%
Jean-Pierre Raffarin Ministre des PME, du Commerce et de l'Artisanat
33%
François Fillon Ministre de l'Ecologie, du Développement durable, des Transports et du Logement
0%
Lionel Jospin Ministre de l'Education nationale
0%
Edith Cresson Ministre des Affaires européennes
0%
Jacques Chirac 2 Premier ministre
0%
Aucun quiz correspondant
Distribution des résultats
% des personnes avec chaque résultat
Percentile par nombre de réponses
Votre historique - résultats
Vous n’avez pas pris ce quiz depuis la dernière actualisation